Language Quiz

Random Language or Puzzle Quiz
Score 0/20 Timer 02:00
13 Plays Today
% Correct
WOMEN
99.6%
99.6%
82.9%
82.9%
82.9%
IMMORTALITY
82.9%
82.5%
DUNE
82.5%
81.6%
81.6%
% Correct
GALAPAGOS
81.6%
74.3%
74.3%
INSOMNIA
74.3%
66.5%
NOVELS
66.4%
65.2%
65.2%
65.2%
FRANKENSTEIN
65.2%
Remove Ads.
Support Sporcle.
Get the best of Sporcle when you Go Orange. This ad-free experience offers more features, more stats, and more fun while also helping to support Sporcle. Thank you for becoming a member.

You're not logged in!

Compare scores with friends on all Sporcle quizzes.
OR
Log In

Show Comments

Extras

Created Apr 28, 2020ReportNominate
Tags:Puzzle Quiz, Word

Top Quizzes Today


Score Distribution

Your Account Isn't Verified!

In order to create a playlist on Sporcle, you need to verify the email address you used during registration. Go to your Sporcle Settings to finish the process.

Report this User

Report this user for behavior that violates our Community Guidelines.

Details: